| 000 | 00790cam a2200217 4500 | ||
|---|---|---|---|
| 001 | ABS62885 | ||
| 008 | 000000n2000 000 0 eng u | ||
| 035 | _a(Sirsi) u108702 | ||
| 100 | _aRoper, C. | ||
| 245 | 4 | _aThe need for improved access to property information | |
| 260 | _c2000 | ||
| 490 |
_aBURISA _v(143) June 2000, 6-8(3) |
||
| 520 | _aArgues that information on the property market is very difficult to come by compared to data on the financial and commodity markets. Suggests three main benefits of improving access to such information. | ||
| 590 | _aABS | ||
| 650 | _aPROPERTY INFORMATION | ||
| 650 | _aPRICE PAID INFORMATION | ||
| 650 | _aSTATISTICS | ||
| 650 | _aMARKET INFORMATION | ||
| 690 | _aMANAGEMENT-BUSINESS MANAGEMENT-INFORMATION MANAGEMENT | ||
| 942 | _n0 | ||
| 999 |
_c64893 _d64893 |
||